KOHA-Header-6

Training and Development Methods (Record no. 10082)

000 -LEADER
fixed length control field 00265nam a2200109Ia 4500
100 ## - MAIN ENTRY--AUTHOR NAME
Personal name Dr. Rishipal
245 #0 - TITLE STATEMENT
Title Training and Development Methods
260 ## - PUBLICATION, DISTRIBUTION, ETC. (IMPRINT)
Place of publication India
Name of publisher S. Chand
Year of publication 2007
300 ## - PHYSICAL DESCRIPTION
Number of Pages 210
942 ## - ADDED ENTRY ELEMENTS (KOHA)
Koha item type Books
Holdings
Withdrawn status Lost status Permanent Location Current Location Date acquired Full call number Accession Number Koha item type
    MAJU MAJU 2019-09-14 379.24 6179 Books

Powered by Koha